Villes de France en P - Statistiques

Statistiques générales
  • Ce quiz a été pris 155 fois
  • Le résultat moyen est 8 sur 15
Statistiques - réponses
Indices Villes % Correct
Capitale de la France, souvent considérée comme la plus belle ville du monde. Paris
100%
Préfecture de la Vienne, non loin du Parc Futuroscope et lieu d'une célèbre bataille en 732. Poitiers
92%
Préfecture des Pyrénées-Orientales, ville de Catalogne française. Perpignan
91%
Préfecture des Pyrénées-Atlantiques, capitale historique du Béarn. Pau
84%
Préfecture de la Dordogne, capitale historique du Périgord. Périgueux
67%
Ville la plus peuplée de Tahiti, également capitale de la Polynésie Française. Papeete
63%
Plus petite préfecture de France, située en Ardèche. Privas
49%
Ville de l'agglomération bordelaise, troisième par la population en Gironde. Pessac
39%
Ville en altitude dans le Doubs, où est implantée l'usine Nestlé. Pontarlier
37%
Ville du Loiret, homophone du personnage joué par Jean Lefebvre dans la Septième Compagnie. Pithiviers
36%
Ville de Meurthe-et-Moselle, son nom est inscrit sur la majorité des plaques d'égoût. Pont-à-Mousson
35%
Sous-préfecture du Morbihan, longtemps un refuge pour les protestants de Bretagne. Pontivy
33%
Sous-préfecture de la Guadeloupe, accueillant l'un des plus grands aéroports des Caraïbes. Pointe-à-Pitre
30%
Plus grande ville de l'Ariège, capitale du pays de l'Aguanaguès. Pamiers
22%
Ville corse, offrant de nombreuses activités comme les calanques de Piana. Propriano
14%
Aucun quiz correspondant
Distribution des résultats
% des personnes avec chaque résultat
Percentile par nombre de réponses
Votre historique - résultats
Vous n’avez pas pris ce quiz